Unveiling the man (Record no. 3838)
[ view plain ]
| 000 -LEADER | |
|---|---|
| fixed length control field | 00363nam a22001457a 4500 |
| 008 - FIXED-LENGTH DATA ELEMENTS--GENERAL INFORMATION | |
| fixed length control field | 250610b |||||||| |||| 00| 0 eng d |
| 020 ## - INTERNATIONAL STANDARD BOOK NUMBER | |
| ISBN | 9789783746350 |
| 100 ## - MAIN ENTRY--AUTHOR | |
| Author | Nyada Naomi Matah |
| 245 ## - TITLE STATEMENT | |
| Title | Unveiling the man |
| 260 ## - PUBLICATION, DISTRIBUTION, ETC. (IMPRINT) | |
| Place of publication | Abuja |
| Name of publisher | Luwaki ventures |
| Date of publication | 2022 |
| 300 ## - COLLATION | |
| Pagination | 284p |
| 650 ## - TRACINGS | |
| Main Subject | Man-woman relationship |
| 942 ## - ADDED ENTRY ELEMENTS (KOHA) | |
| Item type | Books |
| 050 ## - LIBRARY OF CONGRESS CALL NUMBER | |
| Classification number | BT 704 |
| Item number | .N 93 |
| Source of classification or shelving scheme | Not for loan | Permanent location | Current location | Date acquired | Accession No. | Full call number | Barcode. | Koha item type |
|---|---|---|---|---|---|---|---|---|
| Library of Congress Classification | Samuel Ogbemudia Main Library, University of Abuja | Samuel Ogbemudia Main Library, University of Abuja | 06/10/2025 | 2023/61275-78 | BT 704 .N 93 | 2025-2480 | Books | |
| Library of Congress Classification | Samuel Ogbemudia Main Library, University of Abuja | Samuel Ogbemudia Main Library, University of Abuja | 06/10/2025 | 2023/61275-78 | BT 704 .N 93 | 2025-2481 | Books | |
| Library of Congress Classification | Samuel Ogbemudia Main Library, University of Abuja | Samuel Ogbemudia Main Library, University of Abuja | 06/10/2025 | 2023/61275-78 | BT 704 .N 93 | 2025-2482 | Books | |
| Library of Congress Classification | Samuel Ogbemudia Main Library, University of Abuja | Samuel Ogbemudia Main Library, University of Abuja | 06/10/2025 | 2023/61275-78 | BT 704 .N 93 | 2025-2483 | Books |